| 000 | 00928cam a22001694a 4500 | ||
|---|---|---|---|
| 005 | 20250605163653.0 | ||
| 008 | 250528s ||||||||||||||||||||||||d | ||
| 035 | _a23993 | ||
| 040 |
_aGR-AtMCL _bgre _dGR-AtMCL _eAACR2 |
||
| 245 | 1 | _aSupply Chain and Logistics / Το Περιοδικό για την Εφοδιαστική Αλυσίδα | |
| 260 |
_bParametros Group _bScl Magazine, _c2019 |
||
| 300 | _a96 | ||
| 520 | _aBusiness 4.0: Από τα WHS στις Ολιστικές e-platforms - Η Digital Εποχή ήδη Εδώ, Είναι Επιτακτική η Ανάγκη για Ένα Τεχνολογικό 'Σοκ' στην Ελληνική Οικονομία, Ρεπορτάζ από την 'Transport-Logistic' 2019 στο Μόναχο, Τι Φέρνει η Νέα Τεχνολογία στον Χώρο των Οδικών Μεταφορών. | ||
| 942 | _cCR | ||
| 999 |
_c8897 _d8897 |
||